logo

Bir Sreshtho Munshi Abdur Rouf Library
Jhenaidah Cadet College

উচ্চ মাধ্যমিক পৌরনীতি প্রথম পত্র / (Record no. 5326)

MARC details
000 -LEADER
fixed length control field 00690nam a2200205 a 4500
001 - CONTROL NUMBER
JCCL Control Number 5326
003 - CONTROL NUMBER IDENTIFIER
JCCL marc code BD-JhCC
005 - DATE AND TIME OF LATEST TRANSACTION
control field 20171213115512.0
008 - FIXED-LENGTH DATA ELEMENTS--GENERAL INFORMATION
fixed length control field 171212s2003 bg ||||| |||| 00| 0 ben d
035 ## - SYSTEM CONTROL NUMBER
system control number (BD-JhCC)
040 ## - CATALOGING SOURCE
Original cataloging agency BD-JhCC
Modifying agency BD-JhCC
041 ## - LANGUAGE CODE
Language code of Book ben
082 ## - DEWEY DECIMAL CLASSIFICATION NUMBER
Classification number 320.473
Author mark and Year DAN 2003
100 ## - MAIN ENTRY--PERSONAL NAME
Personal name দেওয়ান, আলী, ইউনুস
245 ## - TITLE STATEMENT
Title উচ্চ মাধ্যমিক পৌরনীতি প্রথম পত্র /
Statement of responsibility, etc ইউনুস আলী দেওয়ান
260 ## - PUBLICATION, DISTRIBUTION, ETC. (IMPRINT)
Place of publication, distribution, etc ঢাকা :
Name of publisher, distributor, etc পূর্বদেশ পাবলিকেশন্,
Date of publication, distribution, etc ২০০৩
300 ## - PHYSICAL DESCRIPTION
Pagination 340 p. :
Dimensions 26cm.
600 ## - SUBJECT ADDED ENTRY--PERSONAL NAME
Personal name Civics
942 ## - ADDED ENTRY ELEMENTS (KOHA)
Source of classification or shelving scheme Dewey Decimal Classification
Koha item type Books
Holdings
Source of classification or shelving scheme Damaged status Not for loan Home library Current library Shelving location Date of accession Cost, normal purchase price Total Checkouts Full call number Barcode Date last seen Copy number Koha item type
Dewey Decimal Classification     JCC Rouf Library JCC Rouf Library General Stacks 12/12/2017 76.00   320.473 DAN 2003 7334 12/12/2017 c-1 Books

JCC Library | Contacts | JCC Home

Last Update on 23 September 2017
Copyright @ 2017-2020 JCC Rouf Library
Rouf Library, Jhenidah Cadet College (JCC), Bangladesh